Property market brief (Record no. 76436)
[ view plain ]
| 000 -LEADER | |
|---|---|
| fixed length control field | 00960cab a2200193 4500 |
| 001 - CONTROL NUMBER | |
| control field | ##L132427 |
| 008 - FIXED-LENGTH DATA ELEMENTS--GENERAL INFORMATION | |
| fixed length control field | 060207n2005 000 0 eng u |
| 035 ## - SYSTEM CONTROL NUMBER | |
| System control number | (Sirsi) u132427 |
| 041 0# - LANGUAGE CODE | |
| Language code of text/sound track or separate title | eng |
| 100 1# - MAIN ENTRY--PERSONAL NAME | |
| Personal name | Sprekos, Petra |
| 245 00 - TITLE STATEMENT | |
| Title | Property market brief |
| 260 ## - PUBLICATION, DISTRIBUTION, ETC. | |
| Date of publication, distribution, etc. | 2005 |
| 490 #0 - SERIES STATEMENT | |
| Series statement | The Estate Agent |
| -- | The Journal of the Real Estate Institute of Victoria |
| Volume/sequential designation | 69(6) December 2005, 56-61(6) |
| 520 ## - SUMMARY, ETC. | |
| Summary, etc. | Gives an overview of the Australian property market between 1996-2005. The following areas are summarised and, in most cases, also supported by graphics and tables of statistics: the REIV Property Market Sentiment Index; consumer sentiment; unemployment; residential vacancy rates; auction numbers; interest rates; the Consumer Price Index; building approvals; lending finance; home land affordability; housing finance; and median rentals. |
| 590 ## - LOCAL NOTE (RLIN) | |
| Local note | IKA1400206 |
| 690 ## - LOCAL SUBJECT ADDED ENTRY--TOPICAL TERM (OCLC, RLIN) | |
| Topical term or geographic name as entry element | PROPERTY-PROPERTY MARKET |
| 700 1# - ADDED ENTRY--PERSONAL NAME | |
| Personal name | Hall, David |
| 942 ## - ADDED ENTRY ELEMENTS (KOHA) | |
| Suppress in OPAC | 0 |
| Withdrawn status | Lost status | Source of classification or shelving scheme | Damaged status | Not for loan | Home library | Current library | Shelving location | Date acquired | Total Checkouts | Full call number | Barcode | Date last seen | Copy number | Price effective from | Koha item type |
|---|---|---|---|---|---|---|---|---|---|---|---|---|---|---|---|
| Dewey Decimal Classification | London | London | Journal article | 07/02/2006 | L132427 | 132427-1001 | 06/08/2019 | 1 | 06/08/2019 | Journal article |